01963nam a2200229Ia 4500008004100000020001500041050002500056100002600081245005000107260004800157300002300205336001000228337001400238338001200252500003400264505122100298650002101519650004601540650004801586650005201634650004701686120625s2001 -us 001 0 spa d a9968370428 4aHF5548.4M525 bW34181 aWang, Wallye, autor.10aOffiice XP para dummies c/ por Wallace Wang.3 aEstados Unidos de América b: STc, 2001. axx, 442 páginas. aTexto aSin medio aVolumen aIncluye índice (pp.419-441)1 aIntroducción Parte I: Conocer Microsoft Office XP Iniciar Microsoft Office XP Comandos de menú y teclas comunes en Office XP Obtener ayuda de Microsoft Office XP Parte II: Trabajar con Word Trabajar con documentos de word Manipular sus palabras Hacer que sus palabras se vean bonitas Crear páginas soisticadas Parte III: Jugar a los números con Excel Elementos básicos de las hojas electrónicas Etiquetas y formato Divertirse con formulas y funciones Gráficar con números Parte IV: Hacer presentaciones con power point Crear presentaciones con diapositivas Agregar color e ilustraciones a Power Point Presumir con sus presentaciones de Power Point Parte V: Organizarse con Outlook Programar su tiempo Configurar tareas y hacer contactos Organizar su correo electrónico Parte VI: Almacenar cosas en Access Meter información de una base de datos Buscar, acomodar y hacer consultas Reportar su información de access Parte VII: Hacer páginas Web con front page Diseñar una página Web con Front Page Organizar sus páginas con tablas, marcos y líneas Parte VIII: Los diez mejores Diez consejos útiles para utilizar Microsoft Office XP Diez accesos directos comunes de Microsoft XP14aMICROSOFT OFFICE24aMICROSOFT WORD (PROGRAMA DE COMPUTADORA) 24aMICROSOFT EXCEL (PROGRAMA DE COMPUTADORA) 20aMICROSOFT POWER POINT (PROGRAMA DE COMPUTADORA)20aMICROSOFT ACCESS (PROGRAMA DE COMPUTADORA)